• 首页
  • 本馆介绍
  • 公告通知
  • 最新文献
  • 馆藏检索
  • 电子资源
  • 读者导购
  • 参考咨询
  • 我的图书馆
  • 登录
  • 详细信息显示
  • 放入我的书架
  • 预约/预借图书
  • 作者相关作品
  • 分类相关作品
  • 丛书相关作品
  • 出版社相关作品

书目信息

  • 表格格式
  • 工作单格式
  • 卡片格式
题名:
颜真卿《勤礼碑》楷书教程
    
 
作者: 武道湘 编著
分册:  
出版信息: 武汉   崇文书局  2018
页数: 88页
开本: 29cm
丛书名:
单 册:
中图分类: J292.112.4
科图分类:
主题词: 楷书--书法--中国--唐代--教材
电子资源:
ISBN: 978-7-5403-2127-7
000 00789nam0 2200253 45
001 012001011926
005 20191125165848.70
010    @a978-7-5403-2127-7@dCNY20.00
100    @a20120815d2012 em y0chiy50 ea
101 0  @achi
102    @aCN@b420000
105    @ay z 000yy
106    @ar
200 1  @a颜真卿《勤礼碑》楷书教程@9yan zhen qing《 qin li bei》 kai shu jiao cheng@f武道湘编著
205    @a修订版
210    @a武汉@c崇文书局@d2018
215    @a88页@d29cm
300    @a中国书法培训教程
330    @a本书共分6章,内容包括:概述、笔画、部首、结构、布势和作品。
606 0  @a楷书@x书法@y中国@z唐代@j教材
690    @aJ292.112.4@v5
701  0 @a武道湘@9wu dao xiang@f(1946-2005)@4编著
801  0 @aCN@b上海新华@c20191020
905    @b1139090-2@dJ292.112.4@e638=2@f3
    
    颜真卿《勤礼碑》楷书教程/武道湘编著.-修订版.-武汉:崇文书局,2018
    88页;29cm
    中国书法培训教程
    
    ISBN 978-7-5403-2127-7:CNY20.00
    本书共分6章,内容包括:概述、笔画、部首、结构、布势和作品。
●
相关链接 在E读中查询图书 在五车中查询图书 在当当中查询图书 在豆瓣中查询图书


正题名:颜真卿《勤礼碑》楷书教程     索取号:J292.112.4/638=2         预约/预借

序号 登录号 条形码 馆藏地/架位号 状态 备注
1 1139090   211390902   第一样本阅览室/ [索取号:J292.112.4/638=2] 在馆    
2 1139091   211390911   第一借阅区/ [索取号:J292.112.4/638=2] 在馆    
3 1139092   211390920   第一借阅区/ [索取号:J292.112.4/638=2] 在馆    
唐山师范学院图书馆 欢迎您!
大连网信软件有限公司© 版权所有